| 000 | 00833nab a2200205 i 4500 | ||
|---|---|---|---|
| 001 | 768714001 | ||
| 003 | CO-MdFUSB | ||
| 005 | 20240506095848.0 | ||
| 008 | 240430t1965 sp ||||| |||| 00| 0 spa d | ||
| 040 |
_bspa _cCO-MdFUSB _dCO-MdFUSB |
||
| 041 | _aspa | ||
| 100 |
_aCottier, Jorge M., _eautor |
||
| 245 |
_aAtracción del comunismo ante las tareas del desarrollo _c/ Jorge M. Cottier |
||
| 520 | _aAnálisis desde el punto de vista pastoral del comunismo y de las probabilidades de influenciar el desarrollo. | ||
| 650 | 7 |
_aTeología pastoral _9227 |
|
| 650 | 0 |
_aComunismo y cristianismo _91245 |
|
| 773 | 0 |
_049450 _982562 _oR2493 _tRevista internacional de teología Concilium _w(CO-MdFUSB)8 _x0210-1041 _gNúmero 3, (marzo, 1965), páginas: 84 -96 _qpágina: 84 |
|
| 942 | _cANA | ||
| 945 | _aCatherine Arias Álvarez practicante SENA | ||
| 999 |
_c69451 _d69451 |
||